000 00428nam a22000977a 4500
008 171216b xxu||||| |||| 00| 0 eng d
100 _aKunze, Albert
245 _aWho's who on the postage stamps of the Dominican Republic
260 _aWashington DC
_bPan American Union
_c1945
650 _aDominican Republic | Topical Collecting | Famous People | History | Biographies | Definitive Issues | Commemorative Issues | Designs | Chronology
999 _c2589
_d2589